Matemáticas aplicadas : (Registro nro. 68)

000 -CABECERA
Longitud fija campo de control 00570nam a22001937a 4500
003 - IDENTIFICADOR DELl NÚMERO DE CONTROL
Identificador del número de control OSt
005 - FECHA Y HORA DE LA ÚLTIMA TRANSACCIÓN
Fecha y hora de la última transacción 20190115150038.0
008 - CÓDIGOS DE INFORMACIÓN DE LONGITUD FIJA
Códigos de información de longitud fija 030206s2002 ck 000 0 spa d
020 ## - NÚMERO INTERNACIONAL NORMALIZADO PARA LIBROS
Número Internacional Normalizado para Libros (ISBN) 9684444370
040 ## - FUENTE DE LA CATALOGACIÓN
Centro transcriptor OSt
082 04 - NÚMERO DE LA CLASIFICACIÓN DECIMAL DEWEY
Número de edición DEWEY 21
Número de clasificación Decimal 510.024658
Número de documento (Cutter) A793
100 1# - PUNTO DE ACCESO PRINCIPAL-NOMBRE DE PERSONA
Nombre de persona Arya C. Jagdish
9 (RLIN) 1025
245 00 - TÍTULO PROPIAMENTE DICHO
Título Matemáticas aplicadas :
Resto del título a la administración y la economía /
Mención de responsabilidad, etc. Jagdish C. Arya; Robin W. Lardner
250 ## - MENCIÓN DE EDICIÓN
Mención de edición 4 ed.
260 ## - PUBLICACIÓN, DISTRIBUCIÓN, ETC. (PIE DE IMPRENTA)
Lugar de publicación, distribución, etc. México :
Nombre del editor, distribuidor, etc. Pearson Prentice Hall,
Fecha de publicación, distribución, etc. 2002.
300 ## - DESCRIPCIÓN FÍSICA
Extensión 856 p.
650 04 - PUNTO DE ACCESO ADICIONAL DE MATERIA - TÉRMINO DE MATERIA
Fuente del encabezamiento o término LEMB
Subdivisión de materia general ANÁLISIS MATEMÁTICO
9 (RLIN) 1026
942 ## - ENTRADA DE ELEMENTOS AGREGADOS (KOHA)
Fuente de clasificaión o esquema
Koha [por defecto] tipo de item Libro
Existencias
Fecha última consulta Préstamos totales Localización actual Mostrar en OPAC Fecha de Descarte Forma de Material Fecha adquisición Asignatura No para préstamo Localización en estanterías Signatura completa Código de barras Fuente de clasificación o esquema Restricciones de uso Tipo de Descarte Disponibilidad Fecha último préstamo Renovaciones totales Número de copia Localización permanente
2018-09-134Biblioteca Central NULL Colección General2013-04-12USAPNULLFondo General510.024658 A79301169 NULLNULLNULL2018-09-113Ej. 1Biblioteca Central
2023-10-1389Biblioteca Central NULL2013-04-12Colección General2013-04-12USAPNULLFondo General510.024658 A79301171 NULLNULLNULL2023-10-0955Ej. 2Biblioteca Central
2019-05-3040Biblioteca Central NULL2013-04-12Colección General2013-04-12USAPNULLFondo General510.024658 A79301172 NULLNULLNULL2019-05-2822Ej. 3Biblioteca Central
2019-02-1159Biblioteca Central NULL2013-04-12Colección General2013-04-12USAPNULLFondo General510.024658 A79301173 NULLNULLNULL2019-02-0437Ej. 4Biblioteca Central
2019-10-142Biblioteca Central NULL2019-07-23Colección General2019-07-23USAPNULLFondo General510.024658 A79317408  NULLNULL2019-10-14 Ej. 5Biblioteca Central
2024-11-025Biblioteca Central NULL2020-01-31Colección General2020-01-31USAPNULLFondo General510.024658 A79317653  NULLNULL2024-10-26 Ej. 6Biblioteca Central

Campus Universitario - Ave. Circunvalación - San Pedro Sula, Honduras, C.A. / Tel: +504 2561.8777 / Fax: +504 2561.8787 / Email: info@usap.edu
Todos los Derechos Reservados. © MMXIII Universidad de San Pedro Sula